Türk dil reformunda Avrupa dillerinin rolü : (Record no. 15640)

MARC details
000 -BAŞLIK
Sabit Uzunlukta Kontrol Alanı 00897nam a22002177a 4500
999 ## - SİSTEM KONTROL NUMARALARI (KOHA)
Koha Biblionumber 15640
Koha Biblioitemnumber 15640
003 - KONTROL NUMARASI IDENTIFIER
Denetim Alanı MIRAKIL
005 - SON İŞLEM TARİHİ VE ZAMANI
Denetim Alanı 20240313133325.0
008 - SABİT-BOY VERİ ELEMANLARI - GENEL BİLGİLER
Sabit Uzunlukta Kontrol Alanı 240313b tu ||||| |||| 00| 0 tur d
020 ## - ULUSLARARASI STANDART KİTAP NUMARASI
Uluslararası Standart Kitap Numarası 9789751752864
040 ## - KATALOGLAMA KAYNAK
Orijinal Kataloglama Ajansı TR-AnCHP
Metne Dönüştürmek Ajansı TR-AnCHP
041 ## - DİL KODU
Metin / Ses Parça Veya Ayrı Başlığın Dil Kodu tur
082 ## - DEWEY ONLU SINIFLANDIRMA NUMARASI
Sınıflandırma Numarası 410.9
Ürün Numarası R73t 2022
100 ## - ANA GİRİŞ - KİŞİSEL İSİM
Kişisel Ad Röhrborn, Klaus
245 10 - BAŞLIK TABLOSU
Başlık Türk dil reformunda Avrupa dillerinin rolü :
Başlığın Kalan Interlanguage angelichung der lexik: asperte der Europaiserung des Türkeitürkischen wortschatzes /
Sorumluluk Tablosu, Vb Klaus Röhrborn, çeviren: Şerife Özer.
260 ## - YAYIN, DAĞITIM, VB
Yayın, Dağıtım, Vb Yeri Ankara :
Yayıncı, Dağıtıcı, Vs Adı Türk Dil Kurumu Yayınları,
Yayın, Dağıtım, Vb Tarihi 2022.
300 ## - FİZİKSEL TANIM
Kapsam 264 s. ;
Boyutlar 24 cm.
490 0# - SERİSİ TABLOSU
Seri Beyanı Atatürk Kültür, Dil ve Tarih Yüksek Kurumu Türk Dil Kurumu Yayınları ;
Hacim / Ardışık Tanımı 1506.
650 #0 - KONU KATMA GİRİŞ - TOPİKAL DÖNEM
9 (RLIN) 7716
Topikal Süreli Veya Coğrafi Ad Giriş Elemanı Türk dili
Form Alt Bölümü Avrupa Dilleri
Genel Alt Bölümü Etkileşim
856 ## - ELEKTRONİK YER VE ERİŞİM
Kamu Notu Dijital Nüshası için Partimizin Kütüphane Sorumlusu ile iletişime geçiniz.
942 ## - EKLENDİ GİRİŞ ELEMANLARI (KOHA)
Sınıflandırma Veya Raf Düzeni Kaynak Dewey Decimal Classification
Koha Öğesi Türü Books
Holdings
Kalıcı Konum Mevcut Konum Edinme Tarihi Toplam Check-Out'Lar Tam Çağrı Numarası Barkod Tarih Son Görülme İtibaren Geçerli Fiyatlar Koha Öğesi Türü
CHP Kütüphanesi CHP Kütüphanesi 03/13/2024   410.9 R73t 2022 21553 03/13/2024 03/13/2024 Books